1797 1679 1422 1675 1419 1397 1162 1537 1510 1857 1667 1594 1985 1465 1374 1463 1694 1231 1781 1911 1239 1243 1611 1563 1178 1039 1823 1797 1184 1639 1950 1730 1243 1759 1867 1225 1978 1508 1248 1709 1491 1271 1382 1121 1330 1125 1862 1922 1817 1129 1349 1790 1823 1915 1370 1497 1372 1175 1837 1320 1056 1446 1301 1024 1048 1802 1508 1725 1890 1401 1263 1121 1667 1389 1594 1671 1155 1569 1485 1575 1747 1933 1968 1586 1297 1117 1886 1196 1535 1056 1295 1780 1845 1908 1943 1865 1859 1945 1454 BCNSPRNW ULIB Ver.6.0+V

เปลี่ยนเป็นภาษาไทย

Change to English
 แสดงรายละเอียดบรรณานุกรม
  กลับหน้าหลัก

Brief Record : Get Marc (ISO 2709) : E-mail record : QR code < ปิดหน้าต่าง
LEADER : 00000nam 2200000uu 4500
001    13399108638
003     ULIB
008    110310s2545||||th 000 0 tha d
060 04 QZ1.JT3^bก437ผ 2545
100 0  สถาบันมะเร็งแห่งชาติ
245 10 ผลงานประจำปี 2545 /^cสถาบันมะเร็งแห่งชาติ กรมการแพทย์กระทรวงสาธารณสุข
260    กรุงเทพฯ :^bโรงพิมพ์ชุมนุมสหกรณ์การเกษตรแห่งประเทศไทย,^c2545
300    214หน้า :^bภาพประกอบ ;^c30 ซม.
650  7 มะเร็ง^xสถิติและข้อมูลตัวเลข
650  7 เนื้องอก^xสถิติและข้อมูลตัวเลข
730 02 ผลงานประจำปี (สถาบันมะเร็งแห่งชาติ) 2545
945    ^p0^l0^i016180
995    ทศพร
999 ^a ใช้งานได้ทุกระบบ
รายการนี้ยังไม่มีแท็ก
คุณยังไม่ได้ล็อกอิน คุณสามารถมีกิจกรรมร่วมกับเว็บไซต์ได้ แต่ต้องล็อกอินก่อน ::
  ล็อกอิน

รายการสื่อสารสนเทศ

ลำดับที่ ประเภท เลขเรียก/บาร์โค้ด สถานที่ สถานะ
- ไม่พบข้อมูล -

รายการใกล้เคียง
    ผู้แต่ง [สถาบันมะเร็งแห่งชาติ]

BibComment


ยังไม่เคยถูกคอมเมนท์

คอมเมนท์ทรัพยากรรายการนี้
  คอมเมนท์: ผลงานประจำปี 2545..


 Copyright 2026. Bcnsprnw @Library